| 000 | 01152nam a22001697a 4500 | ||
|---|---|---|---|
| 999 |
_c4902 _d4902 |
||
| 020 | _a9780851212241 | ||
| 020 | _a0851212247 | ||
| 050 |
_aKD2618 _b.W54 |
||
| 100 | _aHalnan, Patrick | ||
| 245 |
_aWILKINSON'S ROAD TRAFFINC OFFENCES _cHalnan, Patrick and Spenser John |
||
| 260 |
_aLondon _bLongman professional and British Communication Division _c1986 |
||
| 300 |
_a197p. _c23cm. _bill. |
||
| 505 | _a Volume 1: definitions; procedure; evidence; drink/driving offences; dangerous, careless and inconsiderate driving; driver offences; accidents and furnishing information; vehicle offences; protection of drivers and passengers; insurance; driving licences; excise and trade licences; goods and passenger vehicles; drivers' hour and records; theft, aggravated vehicle taking, criminal damage, etc; forgery, fraudulent use and false statements; fixed penalties; custodial sentences; endorsement and penalty points; disqualification; special reasons and mitigating circumstances; appeals. v. 2. Sources. | ||
| 650 |
_aTraffic violations -- England. _x Traffic violations -- Wales. |
||
| 650 | _a Traffic regulations -- England. | ||
| 942 | _cBK | ||